| 000 | 00981nam a2200289 i 4500 | ||
|---|---|---|---|
| 001 | 000002026 | ||
| 003 | DO-SdBNP | ||
| 005 | 20250918111258.0 | ||
| 007 | ta | ||
| 008 | 090630s2008 dr d r 000 0 spa d | ||
| 020 | _a9945852256 | ||
| 040 |
_aDO-SdBNP _bspa _cBNPHU _erda |
||
| 041 | _aspa | ||
| 082 |
_axxxx _bD331m _222 |
||
| 100 | 1 |
_aDel Rosario, Pedro Juan _eautor _96543 |
|
| 245 | 1 | 0 |
_aMedición de la inseguridad alimentaria en hogares de la República Dominicana / _cPedro Juan del Rosario, Luís Ortiz, Mezfin Bezuneh. |
| 264 |
_aSanto Domingo : _bIDIAF, _c2008. |
||
| 300 |
_a81 Páginas : _bgráfica. ; _c23 cm. |
||
| 336 |
_ardacontent _btexto _2txt |
||
| 337 |
_ardamedia _bsin mediación _2n |
||
| 338 |
_ardacarrier _bvolumen _2nc |
||
| 504 | _aBibliografía : página 96-71 | ||
| 590 | _aInventariado, 2025/DG | ||
| 710 | 2 |
_aInstituto Dominicano de Investigaciones Agropecuarias y Forestales (República Dominicana) _96544 |
|
| 910 | _aDG | ||
| 942 |
_2ddc _cLBS1 |
||
| 999 |
_c1891 _d1891 |
||